Fundamentos de dirección estratégica de la empresa (Registro nro. 4541)
[ vista simple ]
| 000 -LEADER | |
|---|---|
| fixed length control field | 01360 a2200253 4500 |
| 001 - CONTROL NUMBER | |
| control field | 48102 |
| 005 - DATE AND TIME OF LATEST TRANSACTION | |
| control field | 20260407155747.0 |
| 008 - FIXED-LENGTH DATA ELEMENTS--GENERAL INFORMATION | |
| fixed length control field | 260407a2016 arg spa d |
| 003 - CONTROL NUMBER IDENTIFIER | |
| control field | AR-UNSa-BCEJYS |
| 040 ## - CATALOGING SOURCE | |
| Original cataloging agency | AR-UNSa-BCEJYS |
| Language of cataloging | spa |
| Transcribing agency | AR-UNSa-BCEJYS |
| 080 ## - UNIVERSAL DECIMAL CLASSIFICATION NUMBER | |
| Universal Decimal Classification number | 658.012.4 |
| Common auxiliary subdivision | Gestión. Dirección. Autoridad. Técnicas y métodos de gestión (gestión del conocimiento, Outsourcing, Benchmarking...) |
| 020 ## - INTERNATIONAL STANDARD BOOK NUMBER | |
| International Standard Book Number | 978-84-9135-800-8 |
| 041 ## - LANGUAGE CODE | |
| Language code of text/sound track or separate title | spa |
| 100 1# - MAIN ENTRY--PERSONAL NAME | |
| Personal name | Navas López, José Emilio |
| 245 10 - TITLE STATEMENT | |
| Title | Fundamentos de dirección estratégica de la empresa |
| 250 ## - EDITION STATEMENT | |
| Edition statement | 2a. ed. |
| 264 #1 - PRODUCTION, PUBLICATION, DISTRIBUTION, MANUFACTURE, AND COPYRIGHT NOTICE | |
| Place of production, publication, distribution, manufacture | España : |
| Name of producer, publisher, distributor, manufacturer | Thomson Reuters |
| Date of production, publication, distribution, manufacture, or copyright notice | 2016 |
| 300 ## - PHYSICAL DESCRIPTION | |
| Extent | 327 p. |
| Dimensions | 24 cm. |
| 505 ## - FORMATTED CONTENTS NOTE | |
| Formatted contents note | 1. La naturaleza de la Dirección estratégica - PARTE I: Análisis estratégico: 2. La orientación y los valores de la empresa - 3. Análisis del entorno - 4. Análisis interno - PARTE II: Formulación de las estrategias: 5. Estrategias y ventajas competitivas - 6. Las direcciones de desarrollo - 7. Los métodos de desarrollo - 8. La estrategia de internacionalización - PARTE III: Implantación de las estrategias: 9. Evaluación e implantación de estrategias. |
| 590 ## - LOCAL NOTE (RLIN) | |
| Local note | niveau_biblio:m niveau_hierar:0 |
| 700 1# - ADDED ENTRY--PERSONAL NAME | |
| Personal name | Guerras Martín, Luis Ángel |
| 856 41 - ELECTRONIC LOCATION AND ACCESS | |
| Uniform Resource Identifier | <a href="https://www.biblioeco.unsa.edu.ar/pmb/images/libros/L127835.jpg">https://www.biblioeco.unsa.edu.ar/pmb/images/libros/L127835.jpg</a> |
| Link text | Imagen de portada |
| Electronic format type | image/jpeg |
| 942 ## - ADDED ENTRY ELEMENTS (KOHA) | |
| Koha item type | |
| Withdrawn status | Lost status | Damaged status | Not for loan | Home library | Current library | Shelving location | Date acquired | Total checkouts | Full call number | Barcode | Date last seen | Price effective from | Koha item type |
|---|---|---|---|---|---|---|---|---|---|---|---|---|---|
| Biblioteca Prof. Eusebio Cleto del Rey | Biblioteca Prof. Eusebio Cleto del Rey | 07/04/2026 | 658.012.4 N316 2ed. | L127835 | 07/04/2026 | 07/04/2026 | Libro |